Multipropriedade sustentv̀el a multipropriedade imobilir̀ia no contexto das smart cities /

Detalles Bibliográficos
Autor principal: Dornelas de Melo, Thanyson
Formato: eBook
Lenguaje:portugués
Publicado: Rio de Janeiro: Editora Processo, 2021
Materias:
Acceso en línea:Acceso restringido

MARC

LEADER 00000nam a22000007a 4500
005 2022081605465.0
007 cr|||| ||||
008 220816s2021 br |||||s|||| 00||0 por d
020 |a 978658935159-7 
035 |a 36825 
040 |a vLex 
090 |c 13699  |d 13699 
100 1 |a Dornelas de Melo, Thanyson 
245 1 0 |a Multipropriedade sustentv̀el  |h [Recurso electrn̤ico] :  |b a multipropriedade imobilir̀ia no contexto das smart cities /  |c Thanyson Dornelas de Melo 
256 |a Servicio en ln̕ea 
260 |a Rio de Janeiro:  |b Editora Processo,  |c 2021 
300 |a 1 recurso electrn̤ico 
500 |a O livro analisa como a exploraȯ̂ racional do imv̤el urbano, por meio da multipropriedade imobilir̀ia, pode contribuir para o desenvolvimento sustentv̀el, sob a t̤ica da funcionalidade das cidades do futuro ou cidades inteligentes (smart cities). Segundo a Organizaȯ̂ das Naė̳s Unidas, por volta do ano de 2050, aproximadamente 70% da populaȯ̂ mundial residir ̀nas cidades. Faz-se necessr̀ia uma racionalizaȯ̂ no processo de ocupaȯ̂ dos espaȯs urbanos e uma utilizaȯ̂ sustentv̀el dos recursos naturais e artificiais, com destaque para o aproveitamento mx̀imo das edificaė̳s. O instituto da multipropriedade imobilir̀ia, regulamentado no Brasil atravš da Lei nð 13.777/2018, permite que os diversos titulares de um imv̤el possam us-̀lo por uma determinada fraȯ̂ temporal de forma exclusiva, alternada e perpťua, exercendo plenamente seu direito de propriedade. Destarte, a multipropriedade imobilir̀ia - como forma de compartilhamento do imv̤el urbano - promove o uso sustentv̀el da propriedade privada, contribuindo para a democratizaȯ̂ do espaȯ urbano. 
506 1 |a Disponible solo en los productos indicados  |d vLex Global  |d vLex Global (Academic Edition, excluding Law Schools)  |d vLex Global (U.S. Academic Edition, Law Schools)  |d vLex Global (U.S. Academic Edition, excluding Law Schools)  |d vLex Global (Academic Edition, Law Schools) 
650 0 4 |a Derecho Civil  |z Brasil 
740 0 |a vLex Libros (Servicio en ln̕ea) 
856 4 0 |u https://app.vlex.com/#/sources/36825  |z Acceso restringido 
942 |c BOOK 
999 0 |a Civil Law